00426nam a2200133Ia 450000500170000000800410001702000180005808200200007610000300009624501060012626000380023230000130027044000090028320241106121145.0240126s9999 xx 000 0 und d a9788172241223 a923.2 SAR;1 R aSarvepalli Radhakrishnan. 0aMahatma Gandhi : essays and reflections presented to him on his seventieth birthday October 2nd, 1939 bJaico PublishingaAhmedabadc2019 axiv, 442 aNULL